Science Quiz

Random Science Quiz

Penguin Species Quiz Stats

 Plays Quiz not verified by Sporcle

Challenge
Share
Tweet
Embed
Score 0/17 Timer 06:00
0 Plays Today
Penguin Species % Correct
Emperor
95%
King
80%
Macaroni
60%
Adelie
55%
African
55%
Galapagos
50%
Little
50%
Rockhopper
50%
Yellow-eyed
40%
Penguin Species % Correct
Chinstrap
35%
Gentoo
35%
Magellanic
35%
Humboldt
25%
Erect-crested
20%
Royal
20%
Fiordland
15%
Snares
15%

You're not logged in!

Compare scores with friends on all Sporcle quizzes.
Join for Free
OR
Log In

You Might Also Like...

Show Comments

Extras

Created Jun 12, 2015ReportNominate
Tags:penguin, seventeen

Top Quizzes Today


Score Distribution

Your Account Isn't Verified!

In order to create a playlist on Sporcle, you need to verify the email address you used during registration. Go to your Sporcle Settings to finish the process.

Report this User

Report this user for behavior that violates our Community Guidelines.

Details: